000
00333nam a2200133Ia 4500
008
260604s9999 xx 000 0 und d
020
_a
9781529770575
082
_a
658.4 VOL
100
_a
Henk w.
_9
35761
245
0
_a
Strategic Management: From Confrontation to Transformation
260
_b
SAGE
500
_a
Strategy
942
_c
BK
999
_c
8588
_d
8588